Szczegóły MARC21

Zarządzanie strategiczne : studium przypadków /

005 -DATA I CZAS OSTATNIEJ MODYFIKACJI [,]
    • @
    • pole kontrolne
    • 20070315155141.9
020 -Międzynarod. znormalizowany nr książki - ISBN [ , ]
    • a
    • Numer ISBN
    • 8387249292 Find
040 -Instytucja sporządzająca opis [ , ]
    • a
    • Instytucja, która sporządziła opis (NP)
    • SZCZ U
    • c
    • Instytucja, która sporządziła rekord (NP)
    • SZCZ U
041 -Język dokumentu [0, ]
    • a
    • Język tekstu (P)
    • polski
    • h
    • Język tekstu oryginalnego i/lub pośredniego (P)
    • polski
942 -Rodzaj dokumentu [ , ]
    • c
    • Rodzaj dokumentu
    • Książka
100 -Hasło główne - nazwa osobowa [ , ]
    • a
    • Nazwa osobowa (NP)
    • CIEŚLICKI, MACIEJ
245 -Strefa tytułu i oznaczenia odpowiedzialności [1, ]
    • a
    • Tytuł
    • Zarządzanie strategiczne : Find
    • b
    • Ciąg dalszy tytułu (NP)
    • studium przypadków / Find
    • c
    • Pozostałe elementy strefy tytułu i oznaczenia odpowiedzialności (NP)
    • Maciej Cieślicki ; Polskie Towarzystwo Ekonomiczne.
260 -Strefa adresu wydawniczego [ , ]
    • a
    • Miejsce wydania (P)
    • Szczecin :
    • b
    • Nazwa wydawcy (P)
    • PTE,
    • c
    • Data wydania (P)
    • 2000.
300 -Strefa opisu fizycznego [ , ]
    • a
    • Określenie formy książki i/lub objętość (NP)
    • 108 s. :
    • c
    • Format (NP)
    • 24 cm.
500 -Uwaga ogólna [ , ]
    • a
    • Uwaga ogólna (NP)
    • Bibliogr
080 -Uniwersalna Klasyfikacja Dziesiętna [ , ]
    • a
    • Symbol klasyfikacji
    • 658.1/.5.012.4
980 -Symbol UKD [ , ]
    • a
    • UKD
    • 658.1/.5.012.4
920 -ISBN [ , ]
    • a
    • ISBN
    • 83-87249-29-2 Find
Data inwentaryzacji Lokalizacja Status udost. Numer inwentarzowy Sygnatura
2000-08-02BE-2E.67117 
2000-08-02BE2S.86520 
2000-08-02BE-3S.86521 
2000-08-02BE-6S.86522 
2001-06-21BE-3S.88064 
2000-04-13T2T.2119 
2000-04-13T-6T.2120T.2120
2000-04-13T-3T.2121T.2121
2000-04-13T-3T.2122T.2122
2000-04-13T-3T.2123T.2123
2000-04-13T-3T.2124T.2124
2000-04-13T-3T.2125T.2125
2000-04-13T-3T.2126T.2126
2000-04-13T-3T.2127T.2127
2000-04-13T-3T.2128T.2128
2000-04-13T-3T.2129T.2129
2000-04-13T-3T.2130T.2130